000 00265nam a2200109Ia 4500
008 200302s9999 xx 000 0 und d
100 _aJane Jacobs
245 _aThe Death and Life of Great American Cities
260 _bVINtage Books
260 _c1992
300 _a458
999 _c5790
_d5790